La mujer que se fue a caballo / (Record no. 89714)

MARC details
000 -LEADER
campo de control de longitud fija 00895nam a2200277 i 4500
001 - NÚMERO DE CONTROL
campo de control 89714
003 - IDENTIFICADOR DE NÚMERO DE CONTROL
campo de control ES-MaACL
005 - FECHA Y HORA DE LA ÚLTIMA TRANSACCIÓN
campo de control 20230906180243.0
007 - CAMPO FIJO DE DESCRIPCIÓN FÍSICA--INFORMACIÓN GENERAL
campo de control de longitud fija t|
008 - DATOS DE LONGITUD FIJA--INFORMACIÓN GENERAL
campo de control de longitud fija 050112s1946 ag ||||1| spa d
080 ## - NÚMERO DE LA CLASIFICACIÓN DECIMAL UNIVERSAL
Número de la Clasificación Decimal Universal 821.111-32"19"
100 1# - ENTRADA PRINCIPAL--NOMBRE DE PERSONA
Nombre de persona Lawrence, D.H. (
Fechas asociadas al nombre 1885-1930)
9 (RLIN) 70743
245 13 - MENCIÓN DEL TÍTULO
Título La mujer que se fue a caballo /
Mención de responsabilidad, etc. D.H. Lawrence ; [traducción directa de Leonor de Acevedo].
250 ## - MENCION DE EDICION
Mención de edición 2ª ed.
260 ## - PUBLICACIÓN, DISTRIBUCIÓN, ETC.
Lugar de publicación, distribución, etc. Buenos Aires :
Nombre del editor, distribuidor, etc. Losada,
Fecha de publicación, distribución, etc. 1946.
300 ## - DESCRIPCIÓN FÍSICA
Extensión 209 p. ;
Dimensiones 17 cm.
490 1# - MENCIÓN DE SERIE
Mención de serie La pajarita de papel
505 8# - NOTA DE CONTENIDO CON FORMATO
Nota de contenido con formato Contiene: La mujer que se fue a caballo ; Isla, isla mía ; El oficial prusiano ; Dos abejarrucos
700 1# - ENTRADA AGREGADA--NOMBRE PERSONAL
Nombre de persona Acevedo, Leonor de.
9 (RLIN) 18242
740 02 - ENTRADA AGREGADA--TÍTULO RELACIONADO/ANALÍTICO NO CONTROLADO
Título relacionado o analítico no controlado Isla, isla mía.
740 32 - ENTRADA AGREGADA--TÍTULO RELACIONADO/ANALÍTICO NO CONTROLADO
Título relacionado o analítico no controlado El oficial prusiano.
740 02 - ENTRADA AGREGADA--TÍTULO RELACIONADO/ANALÍTICO NO CONTROLADO
Título relacionado o analítico no controlado Dos abejarrucos.
830 1# - PUNTO DE ACCESO ADICIONAL DE SERIE-TÍTULO UNIFORME
Título uniforme La pajarita de papel
9 (RLIN) 187600
852 4# - LOCALIZACIÓN
Ubicación ES-MaACL
Número de control de estantería D-5721
Holdings
Estatus retirado Estado de pérdida Estado de daño No para préstamo Biblioteca de origen Biblioteca actual Ubicación en estantería Fecha de adquisición Fuente de adquisición Total de préstamos Signatura topográfica completa Código de barras Visto por última vez Precio de reemplazo Tipo de ítem Koha
        Biblioteca del Ateneo de Madrid Biblioteca del Ateneo de Madrid Sala Valle Inclán 17/01/2008     D-5721 901093695 23/02/2023 23/02/2023 Libro impreso